000
00246nmm a2200085Ia 4500
008
220120s9999||||xx |||||||||||||||||und||
100
_a
LFY
_9
10674
245
0
_a
August 2010 : integrated development environment, netbeans I
260
_a
EFY enterprises
999
_c
139625
_d
139625